Planificaciones NB1 decreto N§232-002 y modificaciones 625-2003: segundo año básico 1er y 2do semestre

שמור ב:
מידע ביבליוגרפי
מחבר ראשי: Saavedra Vargas, Erika (Author)
פורמט: ספר
שפה:ספרדית
יצא לאור: Santiago Libart 2006
מהדורה:2a. ed
נושאים:
תגים: הוספת תג
אין תגיות, היה/י הראשונ/ה לתייג את הרשומה!

MARC

LEADER 00000nam a2200000 a 4500
001 UCG4014
003 CL-VaPUC
008 101004e20060800CL |||||||||||||||||spa|d
020 |a 9567688257 
082 0 4 |a 371.3  |b SAA  |2 21 
100 0 |a Saavedra Vargas, Erika  |e author  |9 553310 
245 1 0 |a Planificaciones NB1 decreto N§232-002 y modificaciones 625-2003: segundo año básico 1er y 2do semestre 
250 |a 2a. ed 
300 |a 233 p 
942 |c BK 
945 |d 20101004 00:00:00  |a mfarfan 
260 |a Santiago  |b Libart  |c 2006 
650 0 |a Métodos de enseñanza  |9 270413 
650 0 |a Docentes  |9 311365 
650 0 |a Educación básica   |9 224933 
583 |a last modification  |c 20170609 09:45:42  |k Rodrigo Vera 
999 |c 342923  |d 342921 
952 |0 0  |1 0  |4 0  |6 371_300000000000000_SAA_2006  |7 0  |8 A  |9 439626  |a BIBEDU  |b BIBEDU  |d 2019-11-22  |i 4723406  |o 371.3 SAA 2006  |p 4723406  |r 2019-11-22  |w 2019-11-22  |y BK  |k EBA